| 000 | 00000nam##2200000za#4500 |
| 001 | 9.602435 |
| 003 | CaOODSP |
| 005 | 20240212134142 |
| 007 | cr ||||||||||| |
| 008 | 150406|1989||||xxc|||||o f|0| 0 fre|d |
| 040 | |aCaOODSP|bfre |
| 043 | |an-cn--- |
| 086 | 1 |aNE22-1/1989-12F-PDF |
| 110 | 1 |aCanada. |bOffice national de l'énergie. |
| 245 | 10|aMotifs de décision relativement à Westcoast Energy Inc. : |h[ressource électronique]|bdemande datée du 14 avril 1989 visant de nouveaux droits exigibles à compter du 1er novembre 1989 |
| 246 | 1 |iTitre de renvoi : |aWestcoast Energy Inc. |
| 260 | |aOttawa - Ontario : |bOffice national de l'énergie |cSeptembre 1989. |
| 300 | |a97p. |
| 490 | 1 |aMotifs de décision|vRH-1-89 |
| 500 | |aExemplaire, p. 1 défectueux. Le nº de catalogue (NE22-1/1989-12F) et l'ISBN (0-662-95661-3) de l'édition imprimée ont été incorrectement copiés dans cette édition électronique. |
| 590 | |a12-04-Supp|b2012-02-20 |
| 775 | 08|tReasons for decision in the matter of Westcoast Energy Inc. : |w(CaOODSP)9.572018 |
| 830 | #0|aMotifs de décision (Canada. Office national de l'énergie)|vRH-1-89|w(CaOODSP)9.500899 |
| 856 | 40|ahttp://publications.gc.ca|qPDF|s237 Ko|uhttps://publications.gc.ca/collections/Collection/NE22-1-1989-12F.pdf|yRH-1-89 |